En torno al mito (Record no. 47828)

MARC details
000 -LEADER
campo de control de longitud fija 00921nam a2200253 i 4500
001 - NÚMERO DE CONTROL
campo de control 47828
003 - IDENTIFICADOR DE NÚMERO DE CONTROL
campo de control ES-MaACL
005 - FECHA Y HORA DE LA ÚLTIMA TRANSACCIÓN
campo de control 20230906161636.0
007 - CAMPO FIJO DE DESCRIPCIÓN FÍSICA--INFORMACIÓN GENERAL
campo de control de longitud fija t|
008 - DATOS DE LONGITUD FIJA--INFORMACIÓN GENERAL
campo de control de longitud fija 030527s2002 sp ||||0| spa
020 ## - NÚMERO INTERNACIONAL ESTÁNDAR DEL LIBRO
Número Internacional Estándar del Libro 84-607-4070-6
080 ## - NÚMERO DE LA CLASIFICACIÓN DECIMAL UNIVERSAL
Número de la Clasificación Decimal Universal 929 Asís Garrote, María Dolores de
080 ## - NÚMERO DE LA CLASIFICACIÓN DECIMAL UNIVERSAL
Número de la Clasificación Decimal Universal 291.13(082.2)
245 00 - MENCIÓN DEL TÍTULO
Título En torno al mito
Resto del título : homenaje a la Dra. Dª Mª Dolores de Asís /
Mención de responsabilidad, etc. edición a cargo de Milagros Arizmendi y Antonio Ubach.
260 ## - PUBLICACIÓN, DISTRIBUCIÓN, ETC.
Lugar de publicación, distribución, etc. [Madrid] :
Nombre del editor, distribuidor, etc. Servicio de Publicaciones, Facultad de Ciencias de la Información, Universidad Complutense de Madrid,
Fecha de publicación, distribución, etc. [2002]
300 ## - DESCRIPCIÓN FÍSICA
Extensión 375 p. ;
Dimensiones 24 cm.
504 ## - NOTA DE BIBLIOGRAFÍA, ETC.
Nota de bibliografía, etc. Bibliografía.
600 14 - PUNTO DE ACCESO ADICIONAL DE MATERIA--NOMBRE DE PERSONA
Nombre de persona Asís Garrote, María Dolores de-
Subdivisión de forma Homenajes.
9 (RLIN) 23622
650 14 - PUNTO DE ACCESO ADICIONAL DE MATERIA--TÉRMINO DE MATERIA
Término de materia o nombre geográfico como elemento de entrada Mito.
9 (RLIN) 15091
700 1# - ENTRADA AGREGADA--NOMBRE PERSONAL
Nombre de persona Asís Garrote, María Dolores de.
9 (RLIN) 23621
700 1# - ENTRADA AGREGADA--NOMBRE PERSONAL
Nombre de persona Arizmendi, Milagros.
9 (RLIN) 22881
700 1# - ENTRADA AGREGADA--NOMBRE PERSONAL
Nombre de persona Ubach, Antonio.
9 (RLIN) 111817
852 ## - LOCALIZACIÓN
Ubicación ES-MaACL
Número de control de estantería L-26413
Holdings
Estatus retirado Estado de pérdida Estado de daño No para préstamo Biblioteca de origen Biblioteca actual Ubicación en estantería Fecha de adquisición Fuente de adquisición Total de préstamos Signatura topográfica completa Código de barras Visto por última vez Precio de reemplazo Tipo de ítem Koha
        Biblioteca del Ateneo de Madrid Biblioteca del Ateneo de Madrid Depósito 2 17/01/2008     L-26413 1050332 23/02/2023 23/02/2023 Libro impreso